Statistics for Airlines Serving Halifax (YHZ)

Click here to take the quiz!

General Stats

  • This quiz has been taken 64 times
    (39 since last reset)
  • The average score is 6 of 11

Answer Stats

Airline% Correct
Air Canada
100%
WestJet
100%
American Airlines
80%
Flair Airlines
65%
Air Transat
60%
Sunwing Airlines
55%
Porter Airlines
50%
Condor
30%
PAL Airlines
30%
Air Saint-Pierre
15%
Eurowings Discover
15%

Score Distribution

Percentile by Number Answered

Percent of People with Each Score

Your Score History

You have not taken this quiz since the last reset